Musorgsky
Sparad:
| Huvudupphovsman: | |
|---|---|
| Materialtyp: | Bok |
| Språk: | spanska |
| Publicerad: |
Buenos Aires
Ricordi Americana
1943
|
| Ämnen: | |
| Taggar: |
Lägg till en tagg
Inga taggar, Lägg till första taggen!
|
MARC
| LEADER | 00000nam a2200000 a 4500 | ||
|---|---|---|---|
| 001 | UCN2153 | ||
| 003 | CL-VaPUC | ||
| 008 | 010511e19430000AG |||||||||||||||||spa|d | ||
| 082 | 0 | 4 | |a 780.92 |b GAR |2 21 |
| 100 | |a García Morillo, Roberto |e author |9 457888 | ||
| 245 | 1 | 0 | |a Musorgsky |
| 300 | |a 151 p | ||
| 942 | |c BK | ||
| 945 | |d 20010511 00:00:00 |a crobeson | ||
| 260 | |a Buenos Aires |b Ricordi Americana |c 1943 | ||
| 600 | 0 | |a Mussorgsky, Modest Petrovich |9 306353 | |
| 650 | 0 | |a Compositores rusos |9 329355 | |
| 650 | 7 | |a MUSICA NACIONALISTA |2 CL-VaPUC |9 457813 | |
| 650 | 7 | |a MUSICA SIGLO 19 |2 CL-VaPUC |9 457814 | |
| 583 | |a last modification |c 20010511 00:00:00 |k Rodrigo Vera | ||
| 999 | |c 295310 |d 295308 | ||